Countries of the World in Alphabetical Order - Statistics

General Stats
  • This quiz has been taken 27 times
  • The average score is 128 of 196
Answer Stats
Hint Answer % Correct
Asia Afghanistan
95%
Europe Albania
89%
Africa Algeria
89%
Europe Andorra
84%
North America Antigua and Barbuda
84%
South America Argentina
84%
Oceania Australia
84%
Europe Austria
84%
North America Bahamas
84%
Africa Angola
79%
Asia Armenia
79%
Asia Azerbaijan
79%
Asia Bangladesh
79%
North America Barbados
79%
Europe Belarus
79%
Europe Belgium
79%
Africa Benin
79%
South America Bolivia
79%
Europe Bosnia and Herzegovina
79%
South America Brazil
79%
Asia Brunei
79%
Europe Bulgaria
79%
Africa Burkina Faso
79%
Africa Cameroon
79%
Africa Chad
79%
Europe Czech Republic
79%
Europe Denmark
79%
Africa Djibouti
79%
Africa Egypt
79%
North America El Salvador
79%
North America Belize
74%
Asia Bhutan
74%
Africa Botswana
74%
Africa Burundi
74%
Asia Cambodia
74%
North America Canada
74%
Africa Cape Verde
74%
South America Chile
74%
Asia China
74%
South America Colombia
74%
Africa Comoros
74%
North America Costa Rica
74%
Europe Croatia
74%
North America Cuba
74%
North America Dominica
74%
North America Dominican Republic
74%
South America Ecuador
74%
Africa Equatorial Guinea
74%
Africa Eritrea
74%
Africa Eswatini
74%
Oceania Fiji
74%
Europe Finland
74%
Europe France
74%
Europe Germany
74%
Europe Greece
74%
North America Grenada
74%
Europe Hungary
74%
Europe Iceland
74%
Asia India
74%
Asia Indonesia
74%
North America Jamaica
74%
Asia Jordan
74%
Asia Kazakhstan
74%
Oceania Kiribati
74%
Asia Kuwait
74%
Asia Laos
74%
Europe Latvia
74%
Africa Liberia
74%
Africa Libya
74%
Europe Lithuania
74%
Europe Luxembourg
74%
Africa Malawi
74%
Africa Mali
74%
Asia Bahrain
68%
Africa Central African Republic
68%
Asia Cyprus
68%
Europe Estonia
68%
Africa Ethiopia
68%
Africa Gabon
68%
Asia Georgia
68%
Africa Ghana
68%
North America Guatemala
68%
Africa Guinea
68%
Africa Guinea-Bissau
68%
South America Guyana
68%
North America Haiti
68%
North America Honduras
68%
Asia Iran
68%
Asia Iraq
68%
Europe Ireland
68%
Asia Israel
68%
Europe Italy
68%
Asia Japan
68%
Europe Kosovo
68%
Asia Kyrgyzstan
68%
Africa Lesotho
68%
Asia Malaysia
68%
Africa Democratic Republic of the Congo
63%
Asia East Timor
63%
Oceania Federated States of Micronesia
63%
Africa Gambia
63%
Africa Ivory Coast
63%
Africa Kenya
63%
Europe Liechtenstein
63%
Africa Mauritania
63%
Europe Moldova
63%
Asia Nepal
63%
Europe Netherlands
63%
South America Uruguay
63%
Asia Vietnam
63%
Asia Yemen
63%
Africa Zambia
63%
Africa Zimbabwe
63%
Asia Lebanon
58%
Asia Maldives
58%
Europe Malta
58%
Oceania Marshall Islands
58%
Africa Mauritius
58%
Europe Montenegro
58%
Africa Morocco
58%
Africa Mozambique
58%
Africa Namibia
58%
Oceania Nauru
58%
Oceania New Zealand
58%
North America Nicaragua
58%
Asia North Korea
58%
Europe North Macedonia
58%
Europe Norway
58%
Oceania Palau
58%
North America Panama
58%
South America Paraguay
58%
South America Peru
58%
Europe Poland
58%
Africa Rwanda
58%
Oceania Samoa
58%
Europe Slovakia
58%
Europe Slovenia
58%
Oceania Solomon Islands
58%
Africa South Sudan
58%
Europe Spain
58%
Africa Sudan
58%
South America Suriname
58%
Europe Sweden
58%
Europe Switzerland
58%
Africa Tanzania
58%
Asia Thailand
58%
Oceania Tonga
58%
North America Trinidad and Tobago
58%
Africa Tunisia
58%
Oceania Tuvalu
58%
Africa Uganda
58%
Europe United Kingdom
58%
North America United States of America
58%
Asia Uzbekistan
58%
South America Venezuela
58%
Africa Madagascar
53%
North America Mexico
53%
Europe Monaco
53%
Asia Myanmar
53%
Africa Niger
53%
Africa Nigeria
53%
Asia Oman
53%
Asia Pakistan
53%
Oceania Papua New Guinea
53%
Asia Philippines
53%
Europe Portugal
53%
Europe Romania
53%
Europe Russia
53%
North America Saint Kitts and Nevis
53%
North America Saint Lucia
53%
North America Saint Vincent and the Grenadines
53%
Asia Saudi Arabia
53%
Europe Serbia
53%
Africa Seychelles
53%
Africa Sierra Leone
53%
Asia Singapore
53%
Africa Somalia
53%
Africa South Africa
53%
Asia South Korea
53%
Asia Taiwan
53%
Asia Tajikistan
53%
Africa Togo
53%
Asia Turkey
53%
Asia Turkmenistan
53%
Europe Ukraine
53%
Asia United Arab Emirates
53%
Oceania Vanuatu
53%
Europe Vatican City
53%
Asia Mongolia
47%
Asia Qatar
47%
Africa Republic of the Congo
47%
Europe San Marino
47%
Africa São Tomé and Príncipe
47%
Africa Senegal
47%
Asia Syria
47%
Asia Sri Lanka
42%
No matching quizzes found
Score Distribution
Percent of People with Each Score
Percentile by Number Answered
Your Score History
You have not taken this quiz